01138 a2200193 4500003000500000005001700005010001600022020001900038040000900057082001800066100002100084245004300105250001200148260005100160300003700211505063300248650002900881650003400910Nust20251111110523.0 a 95015535 a 81-7808-835-5 cNust00a621.38152,FLO1 aFloyd, Thomas L.10aElectronic devices /cThomas L. Floyd. a6th ed. a Islamabadb National Book Foundationscc1996. a993pbill. (some col.) ;c26 cm. aIntroduction to Semiconductors (Page-1), Diode Applications (Page-48), Special Purpose Diodes (Page-112), Bipolar Junction Transistors BJTs (Page-168), Transistor Bias Circuits (Page-222), BJT Amplifiers (Page-266), Field Effect Transistors FETs (Page-326), FET Amplifiers (Page-386), Power Amplifiers (Page-426), Amplifiers Frequency Response (Page-474), Thrusters and Other Devices (Page-532), Operational Amplifiers (Page-580), Basic OP-Amp Applications (Page-642), Special Purpose OP-Amp Circuits (Page-692), Active Filter (Page-734), Oscillators (Page-772), Communication Circuits (Page-818), Voltage Regulators (Page-874), 0aSolid state electronics. 0aTelecommunication Engineering